000 00822nam a2200301 4500
001 2106746
003 DO-SdBNP
005 20180221151846.0
007 2106746
008 060526s2006 sp a ||| ||spa
016 7 _a
_2BPMSU
017 _a
_b
020 _a8467508272
035 _a
040 _aBPMSU
_bspa
_cBPMSU
_e
080 0 _a
082 _axxx
_bxxx
100 1 _aFrabetti, Carlo
_d1945-
245 1 3 _aLa princesa triste /
_cCarlo Frabetti
_h
260 _aBoadilla del Monte, Madrid :
_bSM,
_c2006.
300 _a107 p.;
_bil.:
_c20 cm,
490 1 _aEl barco de vapor.
_a Serie naranja
_v180
521 _aA partir de 9 aƱos.
830 3 _aEl barco de vapor.
_pSerie naranja
_v180
942 _2ddc
_cBK
945 _aInventariado, 2018/ YL
956 _aVMATEO
_210
_320151130
_6BPMSU
_800151
999 _c8960
_d8960